Radiohead Lyrics - No Hints #8 - Statistics

General Stats
  • This quiz has been taken 125 times
  • The average score is 50 of 159
Answer Stats
Answer % Correct
I
100%
a
98%
you
92%
You
92%
The
82%
the
82%
and
71%
be
62%
to
59%
your
59%
in
55%
it
54%
me
54%
where
53%
my
52%
who
51%
on
47%
I'm
46%
when
46%
for
45%
of
44%
Of
44%
that
38%
all
36%
can't
34%
at
32%
but
31%
them
31%
their
28%
Up
28%
up
28%
just
26%
see
25%
thing
25%
live
24%
love
24%
as
22%
back
22%
life
22%
Take
20%
weird
20%
air
19%
They're
19%
friends
18%
I'd
18%
keep
18%
smell
18%
world
18%
down
16%
home
16%
morning
16%
Show
16%
show
16%
these
16%
uptight,
16%
uptight
16%
Uptight,
16%
Uptight
16%
forgetting
15%
summer
15%
warm
15%
breath
14%
cracks
14%
feet
14%
folks
14%
never
14%
night
14%
pavement
14%
think
14%
watch
14%
wish
14%
above
13%
believe
13%
movies
13%
secrets
13%
spirits
13%
stars
13%
tell
13%
town
13%
aliens
12%
alright,
12%
alright
12%
completely
12%
creatures
12%
hover
12%
Late
12%
lock
12%
lost
12%
Making
12%
they'd
12%
They'd
12%
country
11%
ship
11%
beautiful
9%
board
9%
driving
9%
holes
9%
lane
9%
meaning
9%
themselves
9%
finally
8%
swoop
8%
away
7%
Drill
7%
shut
5%
Mom,
1%
No matching quizzes found
Score Distribution
Percent of People with Each Score
Percentile by Number Answered
Your Score History
You have not taken this quiz